Η συμβολή της εκπαίδευσης και κατάρτισης στην τουριστική ανάπτυξη της Ελλάδας

Αποθηκεύτηκε σε:
Λεπτομέρειες βιβλιογραφικής εγγραφής
Κύριος συγγραφέας: Γούσιου, Ανθή
Μορφή: Βιβλίο
Γλώσσα:Greek
Δημοσίευση: 2021.
Θέματα:
Ετικέτες: Προσθήκη ετικέτας
Δεν υπάρχουν, Καταχωρήστε ετικέτα πρώτοι!

MARC

LEADER 00000cam a2200000 a 4500
001 1/123374
008 210719s2021####gr | ||| |||| ||gre||
040 |a GR-MyUa  |b gre  |c GR-MyUa  |e AACR2 
041 0 |a gre 
082 7 |2 (23)  
100 1 |a Γούσιου, Ανθή. 
245 1 2 |a Η συμβολή της εκπαίδευσης και κατάρτισης στην τουριστική ανάπτυξη της Ελλάδας /   |c Γούσιου Ανθή.  
260 |c 2021.  
300 |a 494 σ. :   |b διαγρ., πίν. ;   |c 30 εκ.  
504 |a Περιλαμβάνει βιβλιογραφία και ερωτηματολόγιο.  
650 0 |a Tourism  |z Greece. 
852 |a INST  |b CHIOS  |c DIATR  |e 20210719  |h 338.4791 ΓΟΥ  |p 005200039643  |q 005200039643  |t PHD  |y 23 
970 |a Παροικάκη  |b Βασιλική  |z 19/07/2021